[Event "USA-ch16 prel 08 corr0204"]
[Site "USA"]
[Date "2002.09.03"]
[Round "?"]
[White "Calhoun, Robert HS"]
[Black "Albanesi, Paul L"]
[Result "0-1"]
[WhiteElo "2194"]
[BlackElo "2286"]
[PlyCount "40"]
[EventDate "2002.??.??"]
[EventType "tourn (corr)"]
[EventRounds "6"]
[EventCountry "USA"]
[SourceTitle "Corr 2006"]
[Source "ChessBase"]
[SourceDate "2006.04.01"]
[SourceVersion "3"]
[SourceVersionDate "2006.04.01"]
[SourceQuality "1"]

1. c4 e5 2. Nc3 Nf6 3. Nf3 Nc6 4. d4 exd4 5. Nxd4 Bb4 6. Qd3 0-0 7. e3 Ne5 8. Qc2 d6 9. Be2 Bxc3+ 10. Qxc3 c5 11. Nf3 Ne4 12. Qa3 Qf6 13. Qb3 Bh3 14. gxh3 Nxf3+ 15. Bxf3 Qxf3 16. Rf1 b6 17. Qd3 d5 18. cxd5 Rad8 19. b3 Rfe8 20. Bb2 Nxf2 0-1

[Event "USA-ch16 prel 08 corr0204"]
[Site "USA"]
[Date "2002.09.03"]
[Round "?"]
[White "Calhoun, Robert HS"]
[Black "Ellis, Ronald W"]
[Result "0-1"]
[WhiteElo "2194"]
[BlackElo "2162"]
[PlyCount "72"]
[EventDate "2002.??.??"]
[EventType "tourn (corr)"]
[EventRounds "6"]
[EventCountry "USA"]
[SourceTitle "Corr 2006"]
[Source "ChessBase"]
[SourceDate "2006.04.01"]
[SourceVersion "3"]
[SourceVersionDate "2006.04.01"]
[SourceQuality "1"]

1. e4 e6 2. d4 d5 3. e5 c5 4. dxc5 Nc6 5. Nf3 Bxc5 6. Nbd2 Qc7 7. Bb5 Bd7 8. Qe2 a6 9. Bd3 Nge7 10. c3 Ng6 11. Bxg6 hxg6 12. Nb3 Be7 13. Bf4 g5 14. Bg3 Qb6 15. 0-0-0 f6 16. exf6 gxf6 17. Nfd4 e5 18. Nc2 Be6 19. Kb1 0-0-0 20. Nc1 Rd7 21. f4 gxf4 22. Bxf4 Rg8 23. h3 Na5 24. Bh2 Nc4 25. Ne1 Ba3 26. b3 Bf5+ 27. Ned3 Ne3 28. Rd2 Be4 29. Bg1 Rxg2 30. Qe1 Rxd2 31. Bxe3 Rxd3 32. Bxb6 Re3+ 33. Ka1 Rxe1 34. Rxe1 Rg7 35. Ne2 Rg2 36. Be3 Bd3 0-1